| 000 | 00591nam a2200157Ia 4500 | ||
|---|---|---|---|
| 008 | 090124s9999 xx 000 0 und d | ||
| 082 | _b29489 | ||
| 245 | _a विज्ञानसाहित्य आणि संकल्पना | ||
| 250 | _a1 | ||
| 260 |
_bनीहारा प्रकाशन _c1991 |
||
| 300 | _a131 | ||
| 630 | _a विज्ञानसाहित्य आणि संकल्पना | ||
| 700 | _aकुलकर्णी व. दि. | ||
| 730 | _a विज्ञानसाहित्य आणि संकल्पना | ||
| 942 | _cBOOK | ||
| 999 |
_c94938 _d94938 |
||